| 000 | 00449nam a2200145Ia 4500 | ||
|---|---|---|---|
| 008 | 220216s9999 xx 000 0 und d | ||
| 100 | _aJacob J.[c] | ||
| 245 | 0 | _aPreliminary studies on the pretreatment of field coagulum in the production of TSR | |
| 260 |
_bIndian Journal of Natural Rubber Research _c1993 |
||
| 300 | _a171-174 | ||
| 650 | _aCoagulam pretreatment | ||
| 650 | _aTechnically specified rubber | ||
| 700 | _aJohn S. | ||
| 942 | _cBS | ||
| 999 |
_c50939 _d50939 |
||